[Event "Summer Chess Classic-B 2019"]
[Site "Saint Louis"]
[Date "2019.06.20"]
[Round "3.3"]
[White "Kovalenko, Igor"]
[Black "Gabuzyan, Hovhannes"]
[Result "0-1"]
[WhiteElo "2651"]
[BlackElo "2619"]
[Annotator "TA"]
[PlyCount "112"]
[EventDate "2019.06.18"]
[EventType "tourn"]
[EventCountry "USA"]
[SourceTitle "playchess.com"]
[Source "ChessBase"]
[SourceQuality "1"]

{[%evp 10,112,4,0,16,5,7,8,14,-7,0,4,12,11,27,30,57,27,27,22,32,22,31,24,21,25,31,24,41,27,29,26,41,7,7,0,0,0,12,0,14,-18,-8,-9,-4,-60,-60,-59,-60,-56,0,0,9,10,14,13,31,0,0,0,0,0,0,0,0,0,0,3,4,5,20,26,24,28,50,-82,-78,-78,0,-2,0,-31,0,0,79,79,93,93,83,-16,-47,-81,-79,-78,-78,-109,-70,-230,-235,-249,-234,-1189,-489,-600,-596]} 1. d4 Nf6 2. Nf3 g6 3. Bf4 Bg7 4. e3 d6 5. h3 O-O 6. c3 Nfd7 {A48: 1 d4 Nf6 2 Nf3 g6: Torre, London and Colle Systems} (6... Nbd7 7. Be2 Qe8 8. O-O e5 9. Bh2 Qe7 10. a4 Re8 11. a5 a6 12. Nbd2 e4 13. Ne1 Nf8 14. Qb3 h5 15. Nc2 N8h7 16. c4 Ng5 17. Kh1 c6 18. Qa3 {1-0 (50) Kamsky,G (2666)-Ragger,M (2701) Germany 2019}) 7. Bc4 Nc6 8. a4 e5 {The position is equal.} 9. Bh2 a5 10. O-O Qe7 11. Na3 Nb6 12. Bb3 $146 ({Predecessor:} 12. Ba2 Rd8 13. Nc4 Nxc4 14. Bxc4 {0-1 (52) Peskov,A-Karjakin,S (2460) Kramatorsk 2002}) 12... h6 13. Nb5 Na7 14. Nxa7 Rxa7 15. e4 Bd7 16. Re1 Raa8 17. Bg3 Bf6 18. Qd2 Kg7 19. Bc2 Rfe8 20. b3 c5 21. dxe5 dxe5 22. c4 Bc6 23. Qc3 Nd7 24. Rad1 Kg8 25. Re2 Bg7 26. Red2 Nf8 27. Qe3 (27. Nh2 $1 $11) 27... f6 $15 28. Nh4 Rad8 29. Rd5 Bxd5 (29... b6 $15) 30. cxd5 $11 Qf7 31. Bd3 b6 32. Bb5 Re7 33. d6 Re6 {Hoping for ...f5.} 34. Bc4 Kh7 35. f4 exf4 36. Qxf4 Qe8 $1 37. Bxe6 Qxe6 38. Qf3 Nd7 39. Qd3 c4 40. bxc4 Nc5 41. Qb1 Nxe4 42. Re1 (42. Qxb6 $14 {keeps the upper hand.} Rd7 43. Qe3) 42... f5 $17 43. Qxb6 Rd7 (43... Qf6 $17 44. Qe3 Nxg3 45. Qxg3 Rxd6) 44. Nf3 $132 {[%mdl 2048] White puts up resistance} Qxc4 45. Be5 $1 Qxa4 (45... Qd5 $5 {[%cal Rg7e5]} 46. Bxg7 Kxg7 $11) 46. Bxg7 Kxg7 {[#]} (46... Rxg7 $11 {keeps the balance.} 47. Ne5 Nf6) 47. Qb2+ $1 $16 ({Inferior is} 47. Ne5 Rxd6 48. Qb7+ (48. Qc7+ Kf6 $17) 48... Kf6 $17) 47... Nf6 48. Re6 {[%mdl 1024] White has strong compensation.} Rf7 49. Nd4 ({White should try} 49. Ne5 $16 Qe4 50. Nxf7 Qxe6 51. Ne5 Qxd6 52. Qb7+ Nd7 53. Nxd7) 49... Qb4 $11 50. Qa1 Qc5 51. Kh1 {aiming for Rxf6!} Qd5 52. Qc3 a4 {[%cal Ba5a4,Ba4a3,Ba3a2][%mdl 32]} 53. Qe3 $2 {[#]} ({Better is} 53. Qa1 $15) 53... a3 $1 $19 {[%cal Ra3a2][%mdl 512] Threatens to win with ...a2.} 54. Qc3 (54. Qxa3 Qxd4) 54... a2 {And now ...Rb7 would win.} 55. Re2 $2 (55. Qa1) 55... Ra7 (55... Ne4 $142 56. Qa1 Ng3+ {[%mdl 64] Double Attack} 57. Kg1 Nxe2+ 58. Nxe2+ Kh7) 56. Qa1 {[#]} Qxd4 $1 {[%mdl 512] Accuracy: White = 42%, Black = 60%.} 0-1

[Event "Summer Chess Classic-B 2019"]
[Site "Saint Louis"]
[Date "2019.06.21"]
[Round "4.1"]
[White "Ganguly, Surya Shekhar"]
[Black "Fridman, Daniel"]
[Result "1/2-1/2"]
[WhiteElo "2642"]
[BlackElo "2644"]
[Annotator "TA"]
[PlyCount "69"]
[EventDate "2019.06.18"]
[EventType "tourn"]
[EventCountry "USA"]
[SourceTitle "playchess.com"]
[Source "ChessBase"]
[SourceQuality "1"]

{[%evp 10,69,39,35,51,54,48,21,22,20,22,30,29,23,16,16,16,16,23,17,22,27,21,13,16,13,14,14,15,10,15,21,12,3,11,0,0,0,6,0,0,0,0,0,0,0,0,0,0,0,0,0,0,0,0,0,0,0,0,0,0,0]} 1. e4 e5 2. Nf3 Nf6 3. Nxe5 d6 4. Nf3 Nxe4 5. d4 d5 6. Bd3 Bf5 $146 {C42: Petroff Defence: 3 Nxe5 and unusual White 3rd moves} (6... Bd6 7. O-O O-O 8. c4 c6 9. Re1 Bf5 10. Qb3 Qd7 11. Nc3 Nxc3 12. Bxf5 Qxf5 13. bxc3 b6 14. Bg5 dxc4 15. Qxc4 b5 16. Qb3 Nd7 17. Be7 Bxe7 18. Rxe7 {½-½ (30) Naiditsch,A (2695)-Wang,H (2726) China 2019}) 7. O-O Be7 8. Ne5 Nd7 9. Nc3 Nxe5 10. dxe5 Nxc3 11. bxc3 Qd7 12. Bxf5 Qxf5 13. Qxd5 {next Qb5+ is good for White.} O-O 14. Qxb7 Qxe5 15. Qc6 Rfe8 16. g3 {The position is equal.} Qc5 17. Qf3 Bf6 18. Bd2 Rad8 19. Rfe1 Rxe1+ 20. Rxe1 h5 21. Bf4 Bxc3 22. Re4 Bf6 23. Qe2 g6 24. Re8+ Rxe8 25. Qxe8+ Kg7 26. Qe4 Bd4 27. Kg2 c6 28. c4 Qb6 29. Be5+ Bxe5 30. Qxe5+ $11 {KQ-KQ} Kg8 31. Qd6 Qa6 32. Qb8+ Kh7 33. Qb3 c5 34. h4 Kg7 35. Qc3+ {Accuracy: White = 71%, Black = 84%.} 1/2-1/2

[Event "Summer Chess Classic-B 2019"]
[Site "Saint Louis"]
[Date "2019.06.21"]
[Round "4.2"]
[White "Kovalenko, Igor"]
[Black "Oparin, Grigoriy"]
[Result "0-1"]
[WhiteElo "2651"]
[BlackElo "2644"]
[Annotator "TA"]
[PlyCount "96"]
[EventDate "2019.06.18"]
[EventType "tourn"]
[EventCountry "USA"]
[SourceTitle "playchess.com"]
[Source "ChessBase"]
[SourceQuality "1"]

{[%evp 27,120,53,41,30,22,21,12,17,11,26,25,14,14,0,4,0,37,11,15,13,29,0,13,15,30,14,17,19,61,45,275,-29,-20,-24,-17,-20,0,-77,-77,-77,-77,-77,-88,-142,-142,-142,-142,-158,-94,-92,0,-174,-65,-252,-20,-255,-255,-255,-255,-429,-398,-736,-718,-727,-645,-736,-725,-680,-537,-1071,-612,-588,-398,-576,-341,-29964,-29965,-29965,-29967,-29967,-29960,-29954,-29955,-6179,-2452,-29959,-29955,-29959,-29961,-12626,-12645,-7547,-6625,-1933,-1427]} 1. c4 Nf6 2. Nc3 c5 3. Nf3 e6 4. e3 d5 5. d4 Nc6 6. a3 a6 7. dxc5 Bxc5 8. b4 Ba7 9. Bb2 O-O 10. Qc2 Qe7 11. Rd1 Rd8 12. Be2 d4 13. exd4 Nxd4 14. Nxd4 Bxd4 15. O-O {D40: Queen's Gambit Declined: Semi-Tarrasch with 5 e3} e5 16. Na4 Bd7 {Threatens to win with ...Bxa4.} (16... Bg4 17. Bxd4 Rxd4 18. Rxd4 exd4 19. Bxg4 Nxg4 20. h3 Nf6 21. Nc5 a5 22. Qf5 axb4 23. axb4 Qe2 24. Qd3 Qxd3 25. Nxd3 Kf8 {½-½ (25) Markus,R (2615)-Perunovic,M (2597) Novi Sad 2018}) 17. Bxd4 {The position is equal.} Bxa4 18. Qxa4 Rxd4 19. g3 $146 ({Predecessor:} 19. Rxd4 exd4 20. Bf3 Rd8 21. Qd1 d3 22. Qd2 Ne4 {½-½ (37) Kosanovic,D (2334)-Nenezic,M (2407) Belgrade 2013}) 19... Rad8 20. c5 g6 21. Qc2 Kg7 22. Rxd4 exd4 23. Bf3 h5 24. Rd1 h4 25. gxh4 Qe5 26. Qe2 Qf4 27. Rd3 Qxh4 28. Bxb7 {Qe5 is the strong threat.} Nh5 $2 ({Better is} 28... Re8 $14 29. Qd2 Ne4 30. Bxe4 Rxe4) 29. Qd2 $2 (29. Qe5+ $18 Kg8 30. Kf1) 29... Nf4 $11 30. Rg3 d3 {And now ...Ne2+ would win.} 31. Bf3 ({But not} 31. Bxa6 $2 Qf6 $19) 31... Qf6 {White must now prevent ...Qa1+.} 32. h3 (32. Rg4 $1 $11 Rd4 33. Kh1) 32... Re8 $17 33. Kh2 Ne2 34. Qxd3 Nxg3 35. fxg3 {[%mdl 4096] Endgame KQR-KQB} ({White should play} 35. Kxg3 Re1 36. Kg2) 35... Qb2+ 36. Bg2 {[#]} Re2 $1 {[%mdl 1536] Black has strong compensation.} 37. Qf3 Rf2 (37... Qe5 $142 38. Qg4 Rc2 $1 {[%mdl 512]}) 38. Qe4 {[#]} Re2 $1 {[%mdl 512]} 39. Qf3 $19 {[#]} Rc2 (39... Qe5 $1 $19 {Strongly threatening ...Re3.} 40. Qf4 Qxf4 41. gxf4 Ra2) 40. c6 $2 (40. Qe4 $15) 40... Rc3 $2 (40... Qd4 $19 {aiming for ...Rf2.} 41. a4 Qxb4) 41. Qf4 $2 (41. Qd5 $11 {and White is okay.}) 41... Rxc6 $1 ({Stronger than} 41... Rxa3 42. c7 $11) 42. Qe4 Re6 43. Qd3 $2 {[#]} (43. Qf3) 43... Re2 $1 44. Qd5 $2 (44. Qf3) 44... Re3 45. h4 Rxa3 46. h5 {If only White now had time for hxg6....} Qc3 47. Qg5 Qe3 48. Qg4 g5 {Played: Qe3-h6} 0-1

[Event "Summer Chess Classic-B 2019"]
[Site "Saint Louis"]
[Date "2019.06.21"]
[Round "4.3"]
[White "Gabuzyan, Hovhannes"]
[Black "Sevian, Samuel"]
[Result "1/2-1/2"]
[WhiteElo "2619"]
[BlackElo "2677"]
[Annotator "TA"]
[PlyCount "111"]
[EventDate "2019.06.18"]
[EventType "tourn"]
[EventCountry "USA"]
[SourceTitle "playchess.com"]
[Source "ChessBase"]
[SourceQuality "1"]

{[%evp 9,111,13,14,1,4,-7,-4,-19,-13,-15,-10,-29,-16,-20,0,-4,-4,0,4,0,6,-26,-25,-31,-23,-33,0,0,0,0,0,0,0,0,0,0,0,0,0,0,0,0,0,-65,-40,-55,-55,-39,-47,-64,-35,-35,-60,-60,-46,-67,0,0,0,-35,0,-3,0,0,0,0,0,0,0,0,0,0,0,0,0,0,0,0,0,0,0,0,0,0,0,0,35,35,41,35,42,42,42,42,35,42,42,42,42,45,45,45,45,0]} 1. c4 e5 2. a3 Nf6 3. d3 c6 (3... a5 4. Nf3 Nc6 5. b3 d5 6. cxd5 Nxd5 7. Bb2 f6 8. g3 Be6 9. Bg2 Qd7 10. Nbd2 Be7 {½-½ (50) Fedoseev,V (2719)-Jumabayev,R (2602) St Petersburg 2018}) 4. Nf3 Bd6 5. Nc3 Bc7 6. Bg5 {A20: English Opening: 1...e5} h6 7. Bxf6 $146 ({Predecessor:} 7. Bh4 d6 8. e3 Nbd7 9. d4 Qe7 10. Be2 Nf8 {½-½ (72) Motuz,K (2311)-Jurcik,M (2339) Slovakia 2007}) 7... Qxf6 8. g3 {The position is equal.} O-O 9. Bg2 d6 10. O-O Qd8 11. b4 a6 12. Qb3 Be6 13. d4 Nd7 14. d5 cxd5 15. cxd5 Bg4 16. Nd2 f5 17. a4 {[%cal Ba3a4,Ba4a5][%mdl 32]} Bb6 18. Nc4 Nf6 {[%cal Bd7f6,Bf6h7,Bh7g5][%mdl 32]} 19. Nxb6 Qxb6 20. a5 Qd8 21. f3 Bh5 22. Bh3 Nh7 23. Na4 Ng5 24. Bg2 Qe7 25. Nb6 Rae8 26. e4 ({White should play} 26. Rac1 $11) 26... fxe4 $15 27. fxe4 Be2 28. Rxf8+ $1 Rxf8 29. Qe3 Bg4 30. Rf1 Rxf1+ 31. Kxf1 Qf7+ 32. Qf2 Qg6 (32... Qc7 $1 $15 33. Qb2 Qf7+ 34. Qf2 Qe8) 33. Qe3 $11 Qf7+ 34. Qf2 $1 Qe8 35. Qc2 $1 Qf8+ 36. Qf2 $1 Qe8 {[#] ...Qb5+ is the strong threat.} 37. Qc2 $1 Kh7 38. Nc4 Qg6 39. Nd2 Qf7+ 40. Ke1 Bf3 41. Nxf3 Nxf3+ 42. Bxf3 Qxf3 {[%mdl 4096] Endgame KQ-KQ} 43. Qe2 Qc3+ 44. Kf2 Qxb4 45. Qf3 Qd2+ 46. Kg1 Qg5 (46... Kg8 {feels hotter.} 47. Qg4 Qc1+ 48. Kg2 Qd2+ 49. Kh3 Qe3) 47. h4 $1 {[%cal Rh4g5]} Qf6 (47... Qc1+ {is more complex.} 48. Kh2 Qc8 49. h5 Kg8 50. Kg2 Qd7) 48. Qxf6 {White is slightly better.} gxf6 $14 {KP-KP} 49. h5 $1 Kg7 {[#] Strongly threatening ...Kf7.} 50. Kg2 f5 51. exf5 Kf6 52. g4 Kf7 53. Kf3 Kg7 54. Kg3 Kf7 $1 55. Kh4 Kf6 56. Kg3 {Accuracy: White = 85%, Black = 73%.} (56. Kh3 $5 {[%cal Rh3h4]} Kg7 57. Kg3 $11) 1/2-1/2

[Event "Summer Chess Classic-B 2019"]
[Site "Saint Louis"]
[Date "2019.06.22"]
[Round "5.1"]
[White "Fridman, Daniel"]
[Black "Gabuzyan, Hovhannes"]
[Result "1/2-1/2"]
[WhiteElo "2644"]
[BlackElo "2619"]
[Annotator "TA"]
[PlyCount "63"]
[EventDate "2019.06.18"]
[EventType "tourn"]
[EventCountry "USA"]
[SourceTitle "playchess.com"]
[Source "ChessBase"]
[SourceQuality "1"]

{[%evp 20,63,26,37,48,19,35,16,18,-4,38,46,50,34,41,44,52,51,46,15,42,2,2,2,2,0,52,43,44,35,31,27,31,0,0,0,0,0,0,0,0,0,0,0,0,0]} 1. d4 Nf6 2. Nf3 g6 3. g3 Bg7 4. Bg2 O-O 5. c4 d6 6. Nc3 c6 7. O-O Bf5 8. b3 Ne4 9. Bb2 Nxc3 10. Bxc3 Be4 11. Rc1 Nd7 {E62: King's Indian: Fianchetto: 6...c6 and Panno Variation (6...Nc6) without ...a6} (11... e6 12. e3 d5 13. Re1 Nd7 14. Bf1 Bxf3 15. Qxf3 f5 16. b4 a6 17. Qd1 b5 18. cxd5 cxd5 19. a4 {½-½ (50) Alekseev,E (2632)-Rakhmanov,A (2667) Tallinn 2016}) 12. e3 b5 13. cxb5 $146 ({Predecessor:} 13. Qe2 bxc4 14. bxc4 c5 15. d5 Bxc3 16. Rxc3 Qa5 17. Rb3 Rab8 18. Qb2 Bxf3 19. Bxf3 Rxb3 20. axb3 {½-½ (59) Vrencian,L (2244)-Danilov,V (2389) Calimanesti Caciulata 2016}) 13... cxb5 14. Ne1 Nf6 15. Bxe4 Nxe4 16. Qd3 Nxc3 17. Rxc3 Qa5 18. Qc2 e5 19. Nf3 exd4 20. Nxd4 (20. exd4 {is interesting.} b4 21. Rc6 Qd5 22. Kg2 a5 23. Rc1) 20... Bxd4 21. exd4 Rae8 22. Rc6 Qb4 (22... Re1 $11) 23. Qd3 $14 Re7 24. Kg2 Rfe8 25. Rfc1 Kg7 26. Ra6 {[#] Strongly threatening a3.} Re2 $1 {The position is equal.} 27. Rc3 {a3 is the strong threat.} R8e3 28. Qxe3 Rxe3 29. Rxe3 {And now Rd3 would win.} Qxd4 30. Re7 Qd5+ 31. Kg1 Qd1+ 32. Kg2 {Accuracy: White = 59%, Black = 67%.} 1/2-1/2

[Event "Summer Chess Classic-B 2019"]
[Site "Saint Louis"]
[Date "2019.06.22"]
[Round "5.2"]
[White "Sevian, Samuel"]
[Black "Kovalenko, Igor"]
[Result "1/2-1/2"]
[WhiteElo "2677"]
[BlackElo "2651"]
[Annotator "TA"]
[PlyCount "105"]
[EventDate "2019.06.18"]
[EventType "tourn"]
[EventCountry "USA"]
[SourceTitle "playchess.com"]
[Source "ChessBase"]
[SourceQuality "1"]

{[%evp 15,105,12,43,8,32,35,57,10,25,25,24,0,0,0,0,0,0,-43,0,0,7,7,2,0,49,38,58,56,53,23,22,0,0,0,0,0,8,0,0,0,0,0,0,0,0,8,40,40,40,40,55,55,55,55,55,55,55,55,55,55,55,55,55,0,55,55,55,55,55,55,55,55,55,55,55,55,55,55,55,55,55,55,55,55,55,55,58,55,76,55,55,0]} 1. e4 e6 2. d4 d5 3. Nc3 Bb4 4. e5 c5 5. a3 Bxc3+ 6. bxc3 Qa5 7. Bd2 Qa4 8. Qg4 g6 9. h4 {C18: French: 3 Nc3 Bb4: Main line: 7 h4 and 7 Qg4} Nc6 10. h5 Qxc2 11. Nf3 (11. hxg6 Qxg6 12. Qxg6 fxg6 13. Bd3 Kf7 14. Nf3 c4 15. Bc2 Bd7 16. Ke2 Kg7 {½-½ (54) Fressinet,L (2645)-Bauer,C (2636) Nimes 2018}) 11... c4 12. hxg6 Qxg6 13. Qf4 Bd7 14. Rh3 $146 ({Predecessor:} 14. Be2 O-O-O 15. Ng5 f6 16. exf6 h6 {1-0 (35) Ronka,E (2260)-Koykka,P (2327) Helsinki 2016}) 14... h6 15. Be2 O-O-O 16. Rg3 Qh7 17. Bd1 Rf8 18. Nh4 {[#] aiming for Ng6!} Nge7 19. Rc1 Nf5 20. Nxf5 exf5 21. Bf3 Be6 22. Qh4 Rfg8 23. Qxh6 Rxg3 24. Qxh7 Rxh7 25. fxg3 Na5 26. Be3 Nb3 27. Rd1 $1 b5 28. Kf2 a5 29. Rf1 Kd7 30. Bd1 Kc6 31. Bc2 $36 {[%mdl 2048] White is pushing.} Rh5 32. Rb1 a4 33. Rd1 Kb6 34. Bf4 Kb7 35. Kf3 Kc6 36. Ke3 Kb6 37. Ke2 Kb7 38. Kf2 Kc6 39. Be3 ({White should play} 39. Rf1 $14) 39... Kb7 (39... Kb6 $1 $11) 40. Kf3 Kc7 41. Kf4 Kd7 42. Rf1 Kc6 43. Kf3 Kb7 44. Kf2 Kc7 45. Kg1 Kc6 46. Rf4 {Hoping for Rh4.} Rg5 47. Kf2 b4 48. cxb4 Kb5 49. Rh4 Rg8 50. Rh1 Rc8 51. Rd1 Rh8 52. Bf4 Rc8 53. Be3 {Accuracy: White = 59%, Black = 80%.} (53. Bb1 $14) 1/2-1/2

[Event "Summer Chess Classic-B 2019"]
[Site "Saint Louis"]
[Date "2019.06.22"]
[Round "5.3"]
[White "Oparin, Grigoriy"]
[Black "Ganguly, Surya Shekhar"]
[Result "1/2-1/2"]
[WhiteElo "2644"]
[BlackElo "2642"]
[Annotator "TA"]
[PlyCount "99"]
[EventDate "2019.06.18"]
[EventType "tourn"]
[EventCountry "USA"]
[SourceTitle "playchess.com"]
[Source "ChessBase"]
[SourceQuality "1"]

{[%evp 14,99,22,14,23,8,11,4,6,9,4,0,0,0,27,12,23,5,9,6,19,8,14,23,15,-11,0,-1,25,3,31,33,33,33,33,33,29,37,29,21,38,24,28,27,29,24,17,0,0,0,72,65,93,93,109,61,61,61,64,62,53,21,21,20,36,0,0,0,0,0,0,0,0,0,0,0,0,0,0,0,0,0,0,0,0,0,0,0]} 1. Nf3 d5 2. g3 g6 3. Bg2 Bg7 4. d4 c6 5. O-O Nf6 6. b3 O-O 7. Bb2 a5 8. c4 a4 {D78: Fianchetto Grünfeld: 6 0-0 c6} (8... Ne4 9. Nfd2 Nxd2 10. Nxd2 Be6 11. e4 dxc4 12. Nxc4 Bxc4 13. bxc4 c5 14. e5 cxd4 15. Qxd4 Nc6 16. Bxc6 bxc6 {1-0 (40) Carlsen,M (2853)-Nakamura,H (2787) chess.com INT 2016}) 9. e3 axb3 10. axb3 Rxa1 11. Bxa1 Bf5 $146 ({Predecessor:} 11... Ne4 12. Nc3 f5 13. cxd5 cxd5 14. Ne5 {½-½ (14) Herraiz Hidalgo,H (2485)-Fernandez Garcia,J (2414) Las Palmas 2012}) 12. Nc3 {[%cal Bb1c3,Bc3e2,Be2f4][%mdl 32]} Nbd7 13. h3 Ne4 14. Ne2 Qa5 15. cxd5 cxd5 16. g4 Be6 17. Nf4 Qa2 18. Ne5 Nxe5 19. Nxe6 fxe6 20. Bxe4 $1 Nc6 21. Bd3 Rc8 22. Bc3 Ne5 23. Bb1 Qa3 24. Bd2 Nf7 25. h4 e5 26. dxe5 Nxe5 27. h5 gxh5 28. g5 Ng6 29. Qxh5 {[#] Black must now prevent Kg2.} Qxb3 30. Bxg6 hxg6 31. Qxg6 {White threatens Qe6+ and mate.} d4 (31... Rc6 $1 $11 32. Qf5 e6) 32. exd4 $16 Qh3 33. Qe4 Rf8 34. Rb1 (34. Rc1 {keeps more tension.} Qf5 35. Qxf5 Rxf5 36. Be3 Rd5 37. Rc5) 34... Qf5 $1 {[%cal Rf5e4]} 35. Qxf5 Rxf5 $14 {[%mdl 4096] Endgame KRB-KRB} 36. Be3 Rd5 $1 37. Kg2 {Kf3 is the strong threat.} Bxd4 38. Rd1 e5 39. Bxd4 exd4 {KR-KR. The position is equal.} 40. f4 {Threatens to win with Kf3.} b5 {[%cal Bb7b5,Bb5b4,Bb4b3,Bb3b2][%mdl 32]} 41. Kf3 {[#] aiming for Ke4!} b4 42. Ke4 Rb5 43. Kxd4 b3 $1 44. Kc3 b2 45. Kc2 {Hoping for Kb1.} Rb4 46. f5 {Strongly threatening f6.} Rb5 47. Rd8+ Kf7 48. g6+ Kg7 49. Rd7+ Kg8 50. Rd8+ {Accuracy: White = 53%, Black = 77%.} 1/2-1/2

[Event "Summer Chess Classic-B 2019"]
[Site "Saint Louis"]
[Date "2019.06.24"]
[Round "6.1"]
[White "Fridman, Daniel"]
[Black "Sevian, Samuel"]
[Result "0-1"]
[WhiteElo "2644"]
[BlackElo "2677"]
[Annotator "TA"]
[PlyCount "76"]
[EventDate "2019.06.18"]
[EventType "tourn"]
[EventCountry "USA"]
[SourceTitle "playchess.com"]
[Source "ChessBase"]
[SourceQuality "1"]

{[%evp 18,100,58,41,54,56,55,22,80,11,17,0,7,2,42,20,35,36,24,0,0,-29,-4,-16,0,0,0,0,7,-12,-6,-4,0,-16,-14,-12,-18,-32,-8,-17,-21,-43,-5,-216,-216,-502,-502,-498,-483,-527,-527,-518,-521,-507,-509,-509,-504,-514,-314,-311,-325,-348,-317,-352,-353,-357,-297,-289,-251,-251,-229,-229,-229,-356,-354,-296,-265,-265,-265,-420,-406,-358,-236,-229,-227]} 1. d4 Nf6 2. Nf3 g6 3. g3 Bg7 4. Bg2 O-O 5. c4 d6 6. Nc3 Nbd7 7. O-O e5 8. e4 exd4 9. Nxd4 Nc5 10. f3 Nfd7 {E68: King's Indian: Fianchetto: 6...Nbd7 7 0-0 e5 8 e4} (10... a5 11. b3 Bd7 12. Be3 Re8 13. Qd2 h5 14. Rad1 Qc8 15. Ndb5 Bc6 16. Rfe1 b6 17. Qc2 Bd7 18. a3 Na6 {1-0 (30) Ju,W (2583)-Maze,S (2613) Caleta 2017}) 11. Be3 a5 12. b3 a4 $146 (12... Re8 $11 {remains equal.}) ({Predecessor:} 12... Ne5 13. Qd2 b6 14. Rad1 Bb7 15. Ndb5 Re8 16. Bxc5 bxc5 17. f4 Nc6 18. e5 dxe5 {½-½ (27) Irvin,J (2230)-Silva,F (2150) ICCF email 1997}) 13. Qc2 ({But not} 13. Nxa4 Nxa4 14. bxa4 Nc5 $15) (13. b4 $16) 13... axb3 $11 14. axb3 {[%cal Ba2b3,Bb3b4][%mdl 32]} Rxa1 15. Rxa1 Re8 16. Bf2 c6 17. b4 Na6 18. Rb1 Ne5 19. Na2 c5 20. Nb5 cxb4 21. Nxb4 Nxb4 22. Rxb4 Be6 23. Nd4 Nc6 24. Nxc6 bxc6 25. f4 c5 $36 {[%mdl 2048] Black is more active.} 26. Rb1 Qa5 27. Qb3 Rd8 28. Bf1 Ra8 29. h3 Bd7 30. Qb6 $2 {[#]} (30. Qd3 $11 {and White is okay.}) 30... Qd2 $1 $19 31. Re1 $2 (31. Qb3 {was called for.} Bd4 32. Bxd4 Qxd4+ 33. Kh1) 31... Bd4 32. Re2 Qd3 {...Qxg3+ is the strong threat.} 33. Re3 {[#]} Qd1 $1 {[%mdl 512] ( -> ...Bxh3)} 34. Qb3 {[#]} Qc1 $1 35. Rf3 Bxh3 36. Bxd4 cxd4 37. e5 dxe5 38. fxe5 Bf5 {Played: Bh3-e6} 0-1

[Event "Summer Chess Classic-B 2019"]
[Site "Saint Louis"]
[Date "2019.06.24"]
[Round "6.2"]
[White "Gabuzyan, Hovhannes"]
[Black "Oparin, Grigoriy"]
[Result "1/2-1/2"]
[WhiteElo "2619"]
[BlackElo "2644"]
[Annotator "RC"]
[PlyCount "93"]
[EventDate "2019.06.18"]
[EventType "tourn"]
[EventCountry "USA"]
[SourceTitle "playchess.com"]
[Source "ChessBase"]
[SourceQuality "1"]
[TimeControl "40/5400+30:1800+30"]

1. e4 {[%emt 0:00:00]} e5 {[%emt 0:00:00]} 2. Nf3 {[%emt 0:00:00]} Nc6 {[%emt 0:00:00]} 3. d4 {[%emt 0:00:38]} exd4 {[%emt 0:00:00]} 4. Nxd4 {[%emt 0:00:05]} Bc5 {[%emt 0:00:00]} 5. Nb3 {[%emt 0:00:35]} Bb6 {[%emt 0:00:00]} 6. Nc3 {[%emt 0:00:27]} Nf6 {[%emt 0:00:05]} 7. Qe2 {[%emt 0:02:25]} O-O {[%emt 0:00:24]} 8. Bg5 {[%emt 0:00:42]} h6 {[%emt 0:00:05]} 9. Bh4 {[%emt 0:00:25]} a5 {[%emt 0:00:14]} 10. a4 {[%emt 0:04:48]} Nd4 {[%emt 0:00:35]} 11. Qd3 {[%emt 0:03:19]} Nxb3 {[%emt 0:00:05]} 12. cxb3 {[%emt 0:00:05]} c6 {[%emt 0:00:08]} 13. O-O-O {[%emt 0:00:53]} d5 {[%emt 0:00:09]} 14. exd5 {[%emt 0:00:39]} cxd5 {[%emt 0:00:05]} 15. Qc2 {[%emt 0:00:09]} Be6 {[%emt 0:00:17]} 16. Nxd5 {[%emt 0:00:06]} Bxd5 {[%emt 0:00:09]} 17. Bxf6 {[%emt 0:00:05]} Qxf6 {[%emt 0:00:05]} 18. Rxd5 {[%emt 0:00:03]} Qxf2 {[%emt 0:00:09]} 19. Bc4 {[%emt 0:00:05]} Be3+ {[%emt 0:03:28]} 20. Kb1 {[%emt 0:00:17]} Qxc2+ {[%emt 0:00:06]} 21. Kxc2 {[%emt 0:00:04]} b6 {[%emt 0:00:04]} 22. b4 {[%emt 0:00:02]} axb4 {[%emt 0:01:53]} 23. Kb3 {[%emt 0:00:07]} Rfd8 {[%emt 0:05:52]} 24. Rhd1 {[%emt 0:02:30]} Rxd5 {[%emt 0:00:18]} 25. Rxd5 {[%emt 0:00:03]} Ra7 {[%emt 0:00:07]} 26. Kxb4 {[%emt 0:03:13]} g6 {[%emt 0:01:59]} 27. g4 {[%emt 0:03:33]} Kg7 {[%emt 0:02:52]} 28. b3 {[%emt 0:02:59]} Bf2 {[%emt 0:09:42]} 29. h3 {[%emt 0:01:13]} Kf6 {[%emt 0:02:38]} 30. Rd3 {[%emt 0:06:19]} Ke5 {[%emt 0:13:25]} 31. Kb5 {[%emt 0:02:40]} Ra5+ {[%emt 0:12:12]} 32. Kc6 {[%emt 0:00:22]} f5 {[%emt 0:00:05]} 33. Bb5 {[%emt 0:04:39]} fxg4 {[%emt 0:10:01]} 34. hxg4 {[%emt 0:00:08]} Ra8 {[%emt 0:00:10]} 35. Rd5+ {[%emt 0:10:32]} Kf4 {[%emt 0:00:35]} 36. Rd6 {[%emt 0:02:39]} Kg5 {[%emt 0:11:53]} 37. Be2 {[%emt 0:07:26]} Rf8 {[%emt 0:03:30]} 38. Rd5+ {[%emt 0:00:22]} Kf4 {[%emt 0:00:15]} 39. b4 {[%emt 0:01:10]} Re8 {[%emt 0:01:23]} 40. Bd1 {[%emt 0:00:00]} Re4 {[%emt 0:00:00]} 41. Rd2 {[%emt 0:12:08]} Be3 {[%emt 0:02:03]} 42. Rb2 {[%emt 0:01:21]} Re6+ {[%emt 0:02:48]} 43. Kb7 {[%emt 0:00:40]} Re5 {[%emt 0:02:35]} 44. b5 {[%emt 0:08:16]} h5 {[%emt 0:00:42]} 45. gxh5 {[%emt 0:00:05]} gxh5 {[%emt 0:00:04]} 46. Rh2 {[%emt 0:00:07]} Kg3 {[%emt 0:00:05]} 47. Rxh5 {[%emt 0:00:04]} 1/2-1/2